Quizzes
Events
Quiz Creation
Community
Videos
Private Events
Remove Ads
Sign In
Join for FREE
Feedback
Dark Mode
Quiz Categories
Sports
Geography
Music
Movies
Television
Just For Fun
Miscellaneous
History
Literature
Language
Science
Gaming
Entertainment
Religion
Holiday
For Kids
Quiz Lab
Recent
Popular Today
Quiz Kudos Today
Editor Picks
Curator Picks
Quizzes by...
Day
Popularity
Type
Ratings
Length
Year
Community
Subscriptions
Recent Discussions
Orange Saloon
Badges
Playlists
Quests
Create
Leaderboards
Showdown
Live 5
Trivia Bingo
Activity
Puzzle Library
Sporcle Events
Private Events
Virtual Trivia
Globe League
Become a Host
Pub Owners
SporcleCon
Opinionation
Our Games
Videos
Blog
Mobile Apps
Partnerships
Remove Ads and Go Orange
Feedback
Sports
Athletes
MLB
NBA
NHL
NFL
Soccer
Sports Teams
WWE
NCAA
Football
Premier League
Basketball
Baseball
Hockey
Golf
Tennis
Cricket
Rugby
Auto Racing
Olympics
World Cup
Sports
Athletes
MLB
NBA
NHL
NFL
Soccer
Sports Teams
WWE
NCAA
Football
Premier League
Basketball
Baseball
Hockey
Golf
Tennis
Cricket
Rugby
Auto Racing
Olympics
World Cup
Random Quiz
Search Sporcle
×
Quiz Lab
Quiz Lab
Sports
complete
Type in answers that appear in a list
Type in answers that appear in a list
Classic
Best Score? Go Orange.
Complete the Card: Extreme Rules 2010 Stats
Can you name the wrestlers who competed at the Extreme Rules pay-per-view in 2010?
By
SporcleEXP
3m
22 Questions
752 Plays
752 Plays
752 Plays
Comments
Comments
Give Quiz Kudos
Give Quiz Kudos
-
- Ratings
hide this ad
More Info
Replay
Link that replays current quiz
Next Quiz
Link to next quiz in quiz playlist
You Got
0%
They Got
Avg Score
86%
Avg Friend Score
Upgrade to see
Score Distribution
Jump to the score distribution portion of the page
Score
0/22
Timer
03:00
0
Plays Today
Match Type
Wrestler
% Correct
Match 8 -
Last Man Standing Match for the WWE Championship
John Cena
97.6%
Match 2 -
Hair Match
CM Punk
94.4%
Match 1 -
Tag-
Team Gauntlet Match
Big Show
94%
Match 2 -
Hair Match
Rey Mysterio
94%
Match 1 -
Tag-
Team Gauntlet Match
The Miz
93.3%
Match 4 -
Extreme Rules Match for the World Heavyweight Championship
Randy Orton
93.3%
Match 8 -
Last Man Standing Match for the WWE Championship
Batista
92.4%
Match 7 -
Steel Cage Match
Edge
92.1%
Match 5 -
Street Fight
Sheamus
91.3%
Match 7 -
Steel Cage Match
Chris Jericho
91.2%
Match 5 -
Street Fight
Triple H
90.5%
Match Type
Wrestler
% Correct
Match 4 -
Extreme Rules Match for the World Heavyweight Championship
Jack Swagger
88.9%
Match 6 -
Extreme Makeover Match for the WWE Women's Championship
Michelle McCool
84.5%
Match 1 -
Tag-
Team Gauntlet Match
John Morrison
82.7%
Match 1 -
Tag-
Team Gauntlet Match
R-Truth
80.9%
Match 1 -
Tag-
Team Gauntlet Match
Mark Henry
80.7%
Match 6 -
Extreme Makeover Match for the WWE Women's Championship
Beth Phoenix
78.4%
Match 1 -
Tag-
Team Gauntlet Match
Tyson Kidd
76.5%
Match 1 -
Tag-
Team Gauntlet Match
Montel Vontavious Porter
76%
Match 1 -
Tag-
Team Gauntlet Match
David Hart Smith
73.9%
Match 3 -
Strap Match
JTG
72.9%
Match 3 -
Strap Match
Shad
72.4%
Quiz Playlist
Details
Report
Send in Message
Add To Playlist
More Info:
Guess only the wrestlers who competed at this event (do not guess commentators, valets, managers, etc...). This doesn't include dark matches.
Classic:
Type in answers that appear in a list
Quiz Source
Last Updated: Feb 16, 2017
Quiz Scoreboard
CHALLENGE
Sign Up to Join the Scoreboard
Show All
Scores
Hide
Comments
May contain spoilers
Recently Published
An Introduction to Baseball
by treessimontrees
Sports
5m
Movies - When Are They Set?
by FPL_Elf
Movies
5m
Popular People in 1961
by mucciniale
History
6m
More to Explore
Quiz From the Vault
Featured Blog Post
Where Did the Easter Bunny Come From?
hide this ad
You Might Also Like...
Tags
2010
Competed
complete
Extreme
Matching
Pay-per-view
rule
Wrestlers
Today's Top Quizzes in Sports
Browse Sports
hide this ad
Today's Top Quizzes in complete
Browse complete
Top Contributed Quizzes in Sports
1
Les meilleurs buteurs des matchs entre le PSG et l’OM
2
2022 World Cup Stars
3
FIFA Club World Cup Champions
4
Les entraîneurs de l'OM et du PSG au 21e siècle
5
Name the Premier League winners with different clubs
6
La finale Lions - Afrique du Sud 2021
7
Les joueurs passés par le LOSC et le RC Lens
8
Criteria MLB: Left Handed Sluggers
9
Players with Multiple 50 Home Run Seasons
10
5-to-1: UK Sports Teams
Explore More
Trending Topics
Anime
Disney
Harry Potter
Kpop
Marvel
Crossword
NBA
Puzzle
WWE
Soccer
The Office
Pokémon
Song
NFL
Country
hide this ad
More By:
SporcleEXP
Quiz
Plays
Rating
Category
Featured
Created
Harry Potter Deaths in Order Minefield
3,068,087
4.18
Literature
Jan 27, 2016
Sins, Dwarfs, and Spice Girls
847,248
4.42
Just For Fun
Apr 11, 2012
Ancient History Bunker
708,037
4.28
History
Jan 20, 2014
Movie Posters VI
678,975
4.37
Movies
Nov 12, 2010
Movie Posters VII
621,800
4.44
Movies
Apr 16, 2011
Go to Creator's Profile
Score Distribution
Quiz Creator Spotlight
SporcleEXP
Follow
Send a Message
Quizzes Created
-
Created Quiz Play Count
-
More By This Creator
Popular Quizzes Today
1
Find the Countries of Europe - No Outlines Minefield
2
Find the US States - No Outlines Minefield
3
The Countries of the World
4
Popular People in 1961
5
US States
6
Find the US States
7
1-10 Letter E Words III
8
Risky Map Clicking: Biggest States A-Z
More Sports Quizzes
Brazilian Players in a Champions League Final
Quiz Lab
Trending Quizzes
Risky Map Clicking: Least Populous States A-Z
1-10 Letter F Words
1-10 Letter G Words
One Thing in Common: United Kingdom
Not Quite an Element Typing Challenge
Recently Updated
Leaping Animals
pecheneg
Reality TV Shows (A-Z)
bhenderson79
Rickey Henderson's Hall of Fame Teammates
pecheneg
Champions League XIs: Arsenal
pecheneg
Quick Pick: Celebrities in WWE's Hall of Fame
aduchscher
A-Z Keypad Blitz II
pecheneg
Multiple Oscar Actors
pecheneg
Mystery Phrase Blitz: Oscar 'Best Actors'
pecheneg
F. Scott Fitzgerald Novels
LTH
Pick 3 Villains
ddd62291
Trending Topics
NBA
Disney
Crossword
Harry Potter
Anime
Kpop
Marvel
WWE
Soccer
Puzzle
NFL
Country
Pokémon
Song
The Office
Your Account Isn't Verified!
In order to create a playlist on Sporcle, you need to verify the email address you used during registration. Go to your
Sporcle Settings
to finish the process.
Report this User
Report this user for behavior that violates our
Community Guidelines
.
Details:
Send Report
Go to the Sporcle.com Mobile Site →
Comments